Normal view
MARC view
Entry Topical Term
001 - CONTROL NUMBER
- control field: 43727
003 - CONTROL NUMBER IDENTIFIER
- control field: ARRUPE
005 - DATE AND TIME OF LATEST TRANSACTION
- control field: 20181130114854.0
008 - FIXED-LENGTH DATA ELEMENTS
- fixed length control field: 181130|| aca||aabn | a|a d
040 ## - CATALOGING SOURCE
- Original cataloging agency: ARRUPE
- Transcribing agency: ARRUPE
150 ## - HEADING--TOPICAL TERM
- Topical term or geographic name as entry element: Meditations
670 ## - SOURCE DATA FOUND
- Source citation: Work cat.: (ARRUPE)0: De Mello, Anthony, 1931-1987. 43726, Walking on water /, 2000.